| 000 | 00727cam a2200193 4500 | ||
|---|---|---|---|
| 001 | L137170 | ||
| 008 | 070320s2007 xxk f 000 0 eng d | ||
| 035 | _a(Sirsi) u137170 | ||
| 041 | 0 | _aeng | |
| 110 | 2 |
_aManagement Consultancies Association _9516 |
|
| 245 | 0 | 0 |
_aMCA executive market intelligence reports _h[electronic resource] |
| 260 |
_aLondon _bMCA _c2007 |
||
| 520 | _aResearch series on topics relating to the consulting industry commissioned by a professional organization representing management consultants. | ||
| 590 | _aKA | ||
| 651 | 4 |
_aUnited Kingdom _y |
|
| 690 | _aMANAGEMENT-BUSINESS MANAGEMENT | ||
| 856 | 4 | 8 |
_uhttps://www.mca.org.uk/reports _zView the item free of charge at www.mca.org.uk |
| 942 | _n0 | ||
| 999 |
_c106673 _d106673 |
||